| 000 | 01162nam a2200313 a 4500 | ||
|---|---|---|---|
| 001 | 000021319 | ||
| 003 | DO-SdBNP | ||
| 005 | 20230222073218.0 | ||
| 008 | 100906s2002 dr 000 0 spa d | ||
| 020 | _z393433489 | ||
| 040 |
_aDO-SdBNP _bspa _cBPMSU |
||
| 082 |
_a327.729307294 _b U54i 2002 _222 |
||
| 245 | 0 | 0 |
_aUna isla para dos / _ceditores Rubén Silié, Carlos Segura. |
| 260 |
_aSanto Domingo : _bFLACSO, _c2002. |
||
| 300 |
_a280 p. ; _c22 cm. |
||
| 500 | _aIncluye referencias bibliográficas y notas al pie de las páginas. | ||
| 590 | _aInventariado, 2022/VM | ||
| 650 | 4 | _aPolítica de fronteras | |
| 650 | 4 | _aDegradación ambiental | |
| 651 | 4 |
_aRepública Dominicana _xRelaciones exteriores _zHaití |
|
| 651 | 4 |
_aHaití _xRelaciones exteriores _zRepública Dominicana |
|
| 651 | 4 |
_aRepública Dominicana _xEmigración e inmigración _xAspectos económicos |
|
| 651 | 4 |
_aRepública Dominicana _xEmigración e inmigración _xAspectos sociales |
|
| 700 | 1 |
_aSilié, Rubén _d1946- _eed. |
|
| 700 | 1 |
_aSegura, Carlos, _eed. |
|
| 710 | 2 | _aFLACSO, Prigrama (República Dominicana) | |
| 910 | _aVMateo V./Control de calidad (BPMSU) | ||
| 942 |
_2ddc _cBK |
||
| 999 |
_c9150 _d9150 |
||